000 00601nam a2200193Ia 4500
005 20250326143629.0
008 250326s9999 xx 000 0 und d
020 _a0-8213-6040-8
037 _aTextbook
040 _aFMSL
_beng
_cFMSL
041 _aeng
_2eng
084 _aX62 P5
_qFMSL
100 _aHolzmann R
_9748297
245 0 _aOld-age income support in the 21st century: international perspective on pension system and reform
_cHolzmann R; Hinz R
260 _aWashington
_bWashington, World Bank
_c2005
300 _a233p
942 _cTB
_hX62 P5
999 _c1300354
_d1300354